Cities Closest to Seattle - Statistics

General Stats
  • This quiz has been taken 5 times
  • The average score is 6 of 15
Answer Stats
mi Answer km % Correct
10 Bellevue 16
100%
29 Everett 46
100%
33 Tacoma 53
100%
90 Bellingham 144
80%
61 Olympia (Washington) 98
80%
67 Bremerton 107
60%
17 Issaquah 27
40%
80 Anacortes 128
20%
10 Bainbridge Island 16
20%
85 Centralia 136
20%
82 Port Angeles (Washington) 131
20%
56 Port Townsend 90
0%
21 Poulsbo 33
0%
108 Victoria 173
0%
20 Woodinville 32
0%
No matching quizzes found
Score Distribution
Percent of People with Each Score
Percentile by Number Answered
Your Score History
You have not taken this quiz